羅密歐與茱麗葉

資料類型: Book 圖書   書目號:32875

Leader xxxxxxxxxx
001 __ 86022851
005 __ 19941110162935.0
008 __                                    chi  
010 0_ |a957-558-410-4|b平裝|d新臺幣120元
100 __ |a19940517d1992    cd y0chiy0109    e.
101 1_ |achi |ceng.
102 __ |acw.
105 __ |aa   z   000ay.
200 1_ |a羅密歐與茱麗葉|e|f莎士比亞原著|g黃麗儒改寫|g姜春年圖.
205 __ |a
210 __ |a臺南市|c大千文化|d民81.
215 0_ |a253面|c|d22公分.
225 2_ |a世界文學注音版全集|v30.
260 1_ |a1992.
300 __ |a
302 __ |a國語注音.
606 __ |2csh|a西洋小說.
681 __ |a859.6|b4607|y81 v.30|v增訂七版.
700 _1 |a莎士比亞|b|c(Shakespeare, Willian 1564-1616)|4原著.
702 _1 |a|b麗儒|4改寫.
702 _1 |a|b春年|4圖.
詳細館藏(共 1 筆)
索 書 號登 錄 號冊次號館別 / 館藏地流通類型狀態加入預約清單電子資源
859.6 / 8473 2013314 v30 圖書館 / 一樓普通區 可外借30天 在館   

| 條列資料




目錄查詢 分類查詢 個人資料 圖書薦購 新書查詢 閉館日 排行榜 更多電子資源 Hami書城 線上資料庫 登出

From : 216.73.216.116

  本日流通累計至 19:27:28 借閱 : 9 次 續借 : 0 次 歸還 : 10 次 預約 : 0 次 電子資源 : 0 次


內湖高中圖書館  PCLIS 版本  25.5.0.2